| 000 | 01944cam a22002894a 4500 | ||
|---|---|---|---|
| 005 | 20180803170214.0 | ||
| 008 | 010823s2002 ctu b 001 0 eng | ||
| 020 | _a0300090110 (cloth : alk. paper) | ||
| 020 | _z0300090129 (pbk.) | ||
| 040 |
_aDLC _cDLC _dDLC |
||
| 041 | _aeng | ||
| 042 | _apcc | ||
| 082 | 0 | 0 |
_a333.72 _bC59t |
| 100 | 1 |
_aClark, Susan G., _d1942- |
|
| 245 | 1 | 4 |
_aThe policy process : _ba practical guide for natural resources professionals / _cSusan G. Clark. |
| 260 |
_aNew Haven : _bYale University Press, _cc2002. |
||
| 300 |
_axii, 215 p. ; _c25 cm. |
||
| 504 | _aIncludes bibliographical references (p. 191-206). | ||
| 505 | 8 | _aMachine generated contents note: Chapter 1. Introduction: Professional Challenges 1 -- Chapter 2. Fundamentals: A View of Individuals and Society 17 -- Chapter 3. Social Process: Mapping the Context 32 -- Chapter 4. Decision Process: Clarifying and Securing the Common Interest 56 -- Chapter 5. Problem Orientation: Focusing on Problems to Find Solutions 85 -- Chapter 6. Policy-Oriented Professionalism: A Unique Standpoint 111 -- Chapter 7. Policy Analysis and Multiple Methods 127 -- Chapter 8. Natural Resources, Human Rights, and Policy Learning 153 -- Appendix. Interdisciplinary, Problem-Solving Workshops for Natural Resource Professionals, Tim W. Clark, Robert J. Begg, and -- Kim W. Lowe 173 -- Literature Cited 191. | |
| 650 | 0 |
_aConservation of natural resources _xDecision making. |
|
| 650 | 0 | _aPolitica | |
| 650 | 0 | _aMedio ambiente | |
| 856 | 4 | 1 |
_3Table of contents _uhttp://www.loc.gov/catdir/toc/fy032/2001046637.html |
| 906 |
_a7 _bcbc _corignew _d1 _eocip _f20 _gy-gencatlg |
||
| 942 |
_2ddc _cARTICULO |
||
| 999 |
_c18013 _d18013 |
||